00274nam a2200097Ia 4500008004000000082001600040100002000056245003900076260004600115650001500161210210b1971 xxu||||| |||| 00| 0 eng d a741.59 KETD aKETCHAM (Hank). aDennis the menace happy half-pint. aU S A.bA Fawcett Gold Medal Book.,c1971 aCartoons